[Event "ICS rated blitz match"]
[Site "204.178.125.65"]
[Date "1999.11.04"]
[Round "?"]
[White "Hossa"]
[Black "drunknstupid"]
[Result "1-0"]
[WhiteElo "2368"]
[BlackElo "2238"]
[PlyCount "83"]
[EventDate "1999.??.??"]

1. c4 Nf6 2. Nf3 g6 3. Nc3 Bg7 4. d4 d6 5. Bf4 O-O 6. e3 c6 7. Be2 Bf5 8. O-O
Ne4 9. Nxe4 Bxe4 10. Nd2 Bf5 11. e4 Bc8 12. Nf3 Nd7 13. Qd2 b6 14. Bh6 Bb7 15.
Bxg7 Kxg7 16. Qf4 f6 17. Rad1 Qc7 18. d5 Ne5 19. Nd4 Bc8 20. Qh4 c5 21. Nb5 Qd8
22. f4 Nf7 23. Bg4 a6 24. Nc3 h5 25. Bxc8 Qxc8 26. f5 Rh8 27. fxg6 Ne5 28. Na4
Rb8 29. Rf5 Nxg6 30. Qg3 Kf7 31. Rc1 h4 32. Qh3 Ne5 33. b3 b5 34. cxb5 axb5 35.
Nb2 c4 36. Nd1 Qc5+ 37. Kh1 Qd4 38. Rf1 Rbg8 39. bxc4 bxc4 40. Qe6+ Kf8 41. Rb1
Kg7 42. Qxe7+ {drunknstupid resigns} 1-0

[Event "ICS rated blitz match"]
[Site "204.178.125.65"]
[Date "1999.11.04"]
[Round "?"]
[White "PostModernist"]
[Black "Hossa"]
[Result "1-0"]
[WhiteElo "2503"]
[BlackElo "2378"]
[PlyCount "84"]
[EventDate "1999.??.??"]

1. e4 c5 2. Nf3 e6 3. Nc3 a6 4. d4 cxd4 5. Nxd4 Nc6 6. g3 d5 7. exd5 exd5 8.
Bg2 Nf6 9. O-O Be7 10. Re1 Nxd4 11. Qxd4 Be6 12. Rd1 Rc8 13. Qa4+ Rc6 14. Bg5
b5 15. Qb3 Rd6 16. Bxf6 Bxf6 17. Nxd5 Bg5 18. h4 Be7 19. a4 b4 20. Qf3 Bxd5 21.
Rxd5 O-O 22. Rad1 Rxd5 23. Rxd5 Qb6 24. Qe2 Bf6 25. b3 Bc3 26. Rd7 Qh6 27. Bd5
Kh8 28. Rxf7 Rb8 29. Re7 Rf8 30. Re8 Qf6 31. Rxf8+ Qxf8 32. Qxa6 Bd4 33. Qe2 h6
34. a5 Qd8 35. Qe4 Bc3 36. a6 Be5 37. Qxe5 Kh7 38. a7 Qf8 39. Be4+ g6 40. a8=Q
Qxa8 41. Bxa8 g5 42. Be4+ 42... Kg8 {Hossa resigns} 1-0

[Event "ICS rated standard match"]
[Site "204.178.125.65"]
[Date "1999.11.04"]
[Round "?"]
[White "Hossa"]
[Black "BACKWOODS"]
[Result "1-0"]
[WhiteElo "2063"]
[BlackElo "2062"]
[PlyCount "92"]
[EventDate "1999.??.??"]

1. c4 Nf6 2. Nf3 e6 3. e3 c5 4. d4 d5 5. Bd3 Nc6 6. O-O cxd4 7. exd4 Be7 8. Nc3
Bd7 9. Be3 h6 10. cxd5 exd5 11. Qb3 Na5 12. Qc2 O-O 13. Ne5 Be6 14. Rfe1 Rc8
15. Rac1 Nc4 16. Nxc4 dxc4 17. Be4 Nxe4 18. Qxe4 b6 19. d5 Bd7 20. Bxb6 Qxb6
21. Qxe7 Rcd8 22. Qe2 Rc8 23. Qd2 Qd6 24. Qd4 Rc7 25. Ne4 Qb4 26. d6 Rc6 27.
Qxa7 Rd8 28. Re2 Bf5 29. Qe7 Qb8 30. b3 Bxe4 31. Qxe4 Rcxd6 32. Qxc4 Rd1+ 33.
Re1 R1d2 34. Rc2 R2d4 35. Qf1 Qf4 36. Rce2 Kh7 37. Re7 Rd2 38. a4 Rb2 39. Rb1
Rdd2 40. Rxb2 Rxb2 41. Re3 Qf5 42. Rd3 Qf4 43. h3 Rd2 44. g3 Qg5 45. h4 Qa5 46.
Qe1 46... Qc5 {BACKWOODS resigns} 1-0

[Event "ICS rated standard match"]
[Site "204.178.125.65"]
[Date "1999.11.04"]
[Round "?"]
[White "janh"]
[Black "Hossa"]
[Result "0-1"]
[WhiteElo "2095"]
[BlackElo "2079"]
[PlyCount "94"]
[EventDate "1999.??.??"]

1. d4 d5 2. c4 e6 3. cxd5 exd5 4. Nc3 Nf6 5. Bg5 c6 6. Qc2 Bb4 7. e3 O-O 8. Bd3
h6 9. Bh4 Re8 10. Nf3 b6 11. O-O Be6 12. a3 Be7 13. Rfc1 c5 14. dxc5 bxc5 15.
b3 Nbd7 16. Bg3 Qb6 17. Na4 Qb7 18. Rab1 Rad8 19. Nc3 Qb6 20. Bf4 Nh5 21. Bh7+
Kf8 22. Na4 Qa6 23. Bc7 Rc8 24. Be5 c4 25. Bb2 cxb3 26. Qxb3 g6 27. Rxc8 Rxc8
28. Nd4 Ndf6 29. Nxe6+ Qxe6 30. Bxf6 Nxf6 31. Bxg6 fxg6 32. Nc3 Qf5 33. Rd1 a6
34. f3 Qe5 35. Ne2 Bc5 36. Rd3 Rb8 37. Qc3 Bd6 38. Qxe5 Bxe5 39. Kh1 Rb2 40.
Ng1 Ra2 41. Rb3 Ke7 42. Rb7+ Nd7 43. Rb3 Nc5 44. Rb6 Bd6 45. a4 Ra3 46. Nh3
Rxe3 47. Ng1 47... Re1 {janh resigns} 0-1

[Event "ICS rated blitz match"]
[Site "204.178.125.65"]
[Date "1999.11.04"]
[Round "?"]
[White "Hossa"]
[Black "MissSilicon"]
[Result "0-1"]
[WhiteElo "2368"]
[BlackElo "2586"]
[PlyCount "95"]
[EventDate "1999.??.??"]

1. c4 e5 2. Nc3 Nf6 3. Nf3 Nc6 4. g3 Bc5 5. Nxe5 Bxf2+ 6. Kxf2 Nxe5 7. e4 c5 8.
d3 O-O 9. h3 d6 10. Bg2 Be6 11. Rf1 Qd7 12. g4 Qd8 13. Kg1 Re8 14. Bg5 Ned7 15.
Bh4 Kh8 16. g5 Ng8 17. Nd5 Ne5 18. Qd2 Ne7 19. Rac1 Nxd5 20. cxd5 Bd7 21. Rc3
Kg8 22. Qf2 Bb5 23. g6 f6 24. gxh7+ Kxh7 25. Qf5+ Kg8 26. Rd1 Qb6 27. Rb3 Qa5
28. Bxf6 gxf6 29. Qxf6 Rf8 30. Qxd6 Qxa2 31. Rxb5 Qa4 32. Rd2 Qxb5 33. Qxe5 Rf7
34. Qg5+ Rg7 35. Qf6 Rf8 36. Qe6+ Kh7 37. Qe5 Qa5 38. Qh5+ Kg8 39. Qh6 Qa1+ 40.
Kh2 Qe1 41. h4 Rf1 42. Qxg7+ Kxg7 43. Bxf1 Qxd2+ 44. Kg3 Qe1+ 45. Kg2 Qxh4 46.
b3 Qe1 47. d6 Qd2+ 48. Kh1 {Hossa resigns} 0-1

[Event "ICS rated blitz match"]
[Site "204.178.125.65"]
[Date "1999.11.04"]
[Round "?"]
[White "Hossa"]
[Black "EXchess"]
[Result "1/2-1/2"]
[WhiteElo "2361"]
[BlackElo "2464"]
[PlyCount "105"]
[EventDate "1999.??.??"]

1. c4 e5 2. g3 Nc6 3. Nc3 g6 4. Bg2 Bg7 5. Nf3 Nf6 6. O-O O-O 7. d3 d6 8. Bg5
Be6 9. Nd5 Bg4 10. Nd2 Nd4 11. f3 Be6 12. Ne4 Bxd5 13. cxd5 a5 14. e3 Nb5 15.
f4 h6 16. Nxf6+ Bxf6 17. Bxf6 Qxf6 18. Qb3 Na7 19. Qxb7 Qe7 20. Rae1 Rfb8 21.
Qa6 Rxb2 22. Qxa5 Qe8 23. Qa3 Qb8 24. Qc3 Rxa2 25. fxe5 Nb5 26. Qc6 Nd4 27. Qd7
Nf5 28. Bf3 dxe5 29. g4 Nd6 30. Qe7 Qb2 31. Qh4 Qd2 32. Qxh6 Qxd3 33. Rd1 Qa6
34. Rc1 Rb8 35. h4 e4 36. Bh1 Rbb2 37. Qf4 Qa5 38. h5 gxh5 39. Qg5+ Kf8 40.
Qxh5 Qb6 41. Qg5 Rb3 42. Rce1 c5 43. dxc6 Qxc6 44. Rd1 Qc3 45. Rxd6 Qxe3+ 46.
Qxe3 Rxe3 47. Rd8+ Kg7 48. Rf4 Re1+ 49. Rf1 Re3 50. Rf4 Re1+ 51. Rf1 Re3 52.
Rf4 Re1+ 53. Rf1 {Game drawn by repetition} 1/2-1/2

[Event "ICS rated standard match"]
[Site "204.178.125.65"]
[Date "1999.11.04"]
[Round "?"]
[White "Hossa"]
[Black "GoodKnight"]
[Result "1-0"]
[WhiteElo "2096"]
[BlackElo "2195"]
[PlyCount "55"]
[EventDate "1999.??.??"]

1. c4 e5 2. g3 Nf6 3. Nc3 c6 4. Bg2 Bb4 5. Nf3 Qe7 6. a3 Bxc3 7. bxc3 O-O 8. d4
e4 9. Nd2 e3 10. fxe3 Ng4 11. Nf1 Qf6 12. Bf3 d6 13. h3 Nh6 14. e4 Re8 15. Bf4
Be6 16. Ne3 Rd8 17. h4 Qg6 18. h5 Qf6 19. Rb1 b6 20. Bg2 Na6 21. Qa4 Nc7 22.
Qxc6 Rac8 23. O-O Qe7 24. Bxh6 gxh6 25. Nf5 Bxf5 26. Rxf5 d5 27. Qxh6 dxc4 28.
Rg5+ {GoodKnight resigns} 1-0

[Event "ICS rated blitz match"]
[Site "204.178.125.65"]
[Date "1999.11.05"]
[Round "?"]
[White "Randolf-Raatass"]
[Black "Hossa"]
[Result "0-1"]
[WhiteElo "2101"]
[BlackElo "2375"]
[PlyCount "60"]
[EventDate "1999.??.??"]

1. Nf3 c5 2. g3 d5 3. Bg2 Nc6 4. O-O Nf6 5. d3 e5 6. Nbd2 Be7 7. c4 d4 8. a3
O-O 9. Rb1 Re8 10. b3 a6 11. Ne1 Bg4 12. h3 Bf5 13. Nc2 Qd7 14. Kh2 Qe6 15. b4
cxb4 16. axb4 Rac8 17. b5 axb5 18. Rxb5 Rc7 19. Ba3 Bxa3 20. Nxa3 Na7 21. Rb4
Rb8 22. Qb1 Nc6 23. Rb6 Nd7 24. Rb2 Nc5 25. Nb5 Rd7 26. Nb3 Nxb3 27. Rxb3 Na5
28. Ra3 Nxc4 29. Ra2 Nd6 30. Nc7 30... Rxc7 {Randolf-Raatass resigns} 0-1

[Event "ICS rated standard match"]
[Site "204.178.125.65"]
[Date "1999.11.05"]
[Round "?"]
[White "robbok1"]
[Black "Hossa"]
[Result "1-0"]
[WhiteElo "2502"]
[BlackElo "2116"]
[PlyCount "226"]
[EventDate "1999.??.??"]

1. e4 e5 2. Nf3 d6 3. d4 exd4 4. Qxd4 Bd7 5. Bf4 Nc6 6. Qd2 Nf6 7. Nc3 Be7 8.
Be2 O-O 9. O-O Re8 10. Rae1 Ng4 11. Nd5 Bf8 12. Bb5 Nge5 13. Be2 Ng6 14. Bg5 f6
15. Bc4 Kh8 16. Bf4 Nxf4 17. Nxf4 Ne5 18. Qc3 g6 19. Nxe5 dxe5 20. Nd3 g5 21.
Bf7 Re7 22. Qc4 b5 23. Qb3 c5 24. Nxc5 Rxf7 25. Qxf7 Bxc5 26. Rd1 Be7 27. b4
Qe8 28. Qb3 Bg4 29. Rd2 Qc6 30. a3 Rc8 31. Re1 Qc3 32. Qxc3 Rxc3 33. Re3 Rxe3
34. fxe3 h5 35. Rd5 a6 36. Kf2 Kg7 37. Rd3 Be6 38. Rd1 h4 39. g3 h3 40. Kf3 g4+
41. Ke2 Kf7 42. Kd3 Bd6 43. Ra1 Ke7 44. Kc3 Bd7 45. Kd3 Bc6 46. Rf1 Bc7 47. Rf2
Kf7 48. Rf5 Bd7 49. Rh5 Kg7 50. c4 bxc4+ 51. Kxc4 Bb6 52. Kd3 Ba7 53. Rh4 Bb8
54. Rh5 Bd6 55. Kc4 Be6+ 56. Kc3 Be7 57. a4 Bf7 58. Rf5 Be8 59. Kb3 Bc6 60. Rf1
Kg6 61. Rc1 Bxe4 62. Rc7 Bf8 63. b5 Bd6 64. Rc1 axb5 65. axb5 Be7 66. Kc4 Bd8
67. Kc5 Ba5 68. Rd1 Bc2 69. Rc1 Bd3 70. Rd1 Be2 71. Rb1 Bc7 72. b6 Bb8 73. Ra1
e4 74. Ra8 Be5 75. Kd5 Kg7 76. b7 Kg6 77. Rg8+ Kf7 78. b8=Q Bxb8 79. Rxb8 Bd3
80. Rc8 Bb1 81. Rc7+ Kg6 82. Rc1 Bd3 83. Ke6 Bb5 84. Rc8 Be2 85. Rg8+ Kh7 86.
Rf8 Kg6 87. Rxf6+ Kg5 88. Ke5 Bf3 89. Rf5+ Kg6 90. Kf4 Be2 91. Rg5+ Kf6 92.
Rxg4 Bf3 93. Rh4 Bg2 94. g4 Kg7 95. g5 Kg6 96. Rh6+ Kg7 97. Kf5 Bf1 98. Rh4 Bb5
99. g6 Bd7+ 100. Kg5 Bc6 101. Rh7+ Kf8 102. Kf6 Ke8 103. Re7+ Kd8 104. Re5 Ba4
105. Rd5+ Kc7 106. g7 Bc6 107. Rd4 Bb5 108. g8=Q Kb7 109. Qd8 Kc6 110. Qd7+ Kb6
111. Rb4 Kc5 112. Qxb5+ Kd6 113. Rd4+ 113... Kc7 {Hossa resigns} 1-0

[Event "ICS rated blitz match"]
[Site "204.178.125.65"]
[Date "1999.11.05"]
[Round "?"]
[White "Hossa"]
[Black "ljb"]
[Result "1-0"]
[WhiteElo "2380"]
[BlackElo "2125"]
[PlyCount "101"]
[EventDate "1999.??.??"]

1. e4 e6 2. d4 d5 3. e5 c5 4. c3 Nc6 5. Nf3 Nge7 6. Bd3 Ng6 7. O-O a6 8. Bg5
Be7 9. Bxe7 Qxe7 10. Bxg6 hxg6 11. Nbd2 c4 12. Qe2 b5 13. Qe3 Bb7 14. Qf4 a5
15. Rfb1 b4 16. a3 b3 17. Re1 a4 18. Ng5 Rh5 19. Ndf3 Nd8 20. Re3 Ra7 21. Rae1
Kd7 22. Kh1 Kc8 23. R1e2 Bc6 24. Qg4 Kb8 25. Re1 Be8 26. Nh3 Qf8 27. Nf4 Rh7
28. Ng5 Rh6 29. Rh3 Nc6 30. Nh7 Qh8 31. Rxh6 gxh6 32. Nf6 Ne7 33. Ne2 Nf5 34.
Kg1 Rc7 35. Qf4 Qg7 36. Nxe8 Qf8 37. Nxc7 Kxc7 38. g4 Ne7 39. h4 h5 40. gxh5
gxh5 41. Qf3 Qh6 42. Nf4 Nf5 43. Nxd5+ exd5 44. Qxf5 Qg7+ 45. Kf1 Kd8 46. e6
fxe6 47. Rxe6 Qg8 48. Qxd5+ Kc8 49. Rc6+ Kb7 50. Qb5+ Ka7 51. Ra6# {
ljb checkmated} 1-0

[Event "ICS rated blitz match"]
[Site "204.178.125.65"]
[Date "1999.11.05"]
[Round "?"]
[White "Hossa"]
[Black "ljb"]
[Result "0-1"]
[WhiteElo "2392"]
[BlackElo "2113"]
[PlyCount "128"]
[EventDate "1999.??.??"]

1. e4 e6 2. d4 d5 3. e5 c5 4. c3 Nc6 5. Nf3 Nge7 6. Bd3 Ng6 7. O-O Be7 8. Be3
c4 9. Be2 Bd7 10. b3 b5 11. Nbd2 a5 12. bxc4 bxc4 13. Rc1 O-O 14. Re1 Qc7 15.
Rb1 Rfb8 16. Qc2 a4 17. Ng5 a3 18. Bh5 Be8 19. Ndf3 Rxb1 20. Rxb1 Rb8 21. Kh1
Rxb1+ 22. Qxb1 Qb8 23. Qxb8 Nxb8 24. Kg1 Na6 25. Bg4 Nc7 26. Kf1 Ba4 27. h4 Bb3
28. h5 Nf8 29. h6 g6 30. Ke2 Bxa2 31. Bf4 Bb3 32. Bc1 a2 33. Bb2 Ba3 34. Ba1
Bc1 35. Nd2 Nb5 36. Bf3 Na3 37. Nge4 dxe4 38. Bxe4 Bc2 39. f3 Bxe4 40. fxe4 Nc2
41. Kd1 Nxa1 42. Kxc1 Nb3+ 43. Nxb3 cxb3 44. Kb2 Nd7 45. Ka1 Nb6 46. g4 Na4 47.
c4 Kf8 48. c5 Ke7 49. c6 Kd8 50. d5 Kc7 51. g5 Nc5 52. Kb2 Nxe4 53. Ka1 exd5
54. Kb2 Kxc6 55. Ka1 d4 56. e6 fxe6 57. Kb2 d3 58. Ka1 d2 59. Kb2 a1=Q+ 60.
Kxa1 d1=Q+ 61. Kb2 Qc2+ 62. Ka3 b2 63. Kb4 b1=Q+ 64. Ka5 64... Qca2# {
Hossa checkmated} 0-1

[Event "ICS rated blitz match"]
[Site "204.178.125.65"]
[Date "1999.11.05"]
[Round "?"]
[White "PostModernist"]
[Black "Hossa"]
[Result "1-0"]
[WhiteElo "2508"]
[BlackElo "2365"]
[PlyCount "103"]
[EventDate "1999.??.??"]

1. c4 e5 2. Nc3 Nf6 3. Nf3 Nc6 4. d4 exd4 5. Nxd4 Bb4 6. Bg5 O-O 7. Rc1 Re8 8.
e3 Nxd4 9. Qxd4 Be7 10. Be2 b6 11. O-O Bb7 12. Rfd1 Nd5 13. Bxe7 Nxc3 14. Rxc3
Rxe7 15. c5 Be4 16. b4 Rb8 17. f3 Bc6 18. b5 Bb7 19. Bd3 h6 20. c6 Bc8 21. Qa4
d6 22. Qxa7 Be6 23. Ra3 Re8 24. Ra1 Ra8 25. Qxa8 Qxa8 26. Rxa8 Rxa8 27. a3 Bb3
28. g4 d5 29. Kf2 Bc4 30. Be2 Ra5 31. a4 f6 32. Bxc4 dxc4 33. e4 Ra8 34. Ke3
Rd8 35. Ra3 Rd1 36. a5 bxa5 37. b6 Rd8 38. b7 Kf7 39. Rxa5 c3 40. Rd5 Rb8 41.
Rd7+ Kg6 42. Rxc7 c2 43. Kd2 h5 44. gxh5+ Kxh5 45. Rc8 c1=Q+ 46. Kxc1 Kg5 47.
Rxb8 Kf4 48. c7 Kxf3 49. c8=Q Kxe4 50. Qg4+ Kd5 51. Rd8+ Kc5 52. b8=Q {
Hossa resigns} 1-0

[Event "ICS rated standard match"]
[Site "204.178.125.65"]
[Date "1999.11.05"]
[Round "?"]
[White "Hossa"]
[Black "ficherian"]
[Result "1-0"]
[WhiteElo "2113"]
[BlackElo "2190"]
[PlyCount "73"]
[EventDate "1999.??.??"]

1. c4 e5 2. Nc3 Nf6 3. Nf3 Nc6 4. d4 exd4 5. Nxd4 Bb4 6. Bg5 a6 7. e3 h6 8. Bh4
g5 9. Bg3 Ne4 10. Nxc6 bxc6 11. Qd4 Nf6 12. c5 Bxc3+ 13. bxc3 d6 14. cxd6 cxd6
15. Bxd6 Rg8 16. Bd3 Be6 17. O-O Nd5 18. Bh7 Qxd6 19. Bxg8 Ke7 20. Bh7 h5 21.
Qg7 g4 22. e4 Nf6 23. Qg5 Qd3 24. Rfd1 Qxd1+ 25. Rxd1 Rd8 26. Rxd8 Kxd8 27.
Qxf6+ Kc7 28. Bf5 Bxa2 29. Qg5 a5 30. Bxg4 hxg4 31. Qxa5+ Kd7 32. Qxa2 Ke7 33.
Qa7+ Ke6 34. f4 f5 35. Kf2 fxe4 36. Ke3 Kf5 37. Qf7# {ficherian checkmated} 1-0

[Event "ICS rated standard match"]
[Site "204.178.125.65"]
[Date "1999.11.05"]
[Round "?"]
[White "ficherian"]
[Black "Hossa"]
[Result "0-1"]
[WhiteElo "2171"]
[BlackElo "2132"]
[PlyCount "102"]
[EventDate "1999.??.??"]

1. e4 c5 2. Nf3 d6 3. d4 cxd4 4. Nxd4 Nf6 5. Nc3 g6 6. Be3 Bg7 7. f3 O-O 8. Bc4
Nc6 9. Qd2 Nxd4 10. Bxd4 e5 11. Be3 Be6 12. Bd5 Nxd5 13. Nxd5 Qh4+ 14. g3 Qh5
15. g4 Qh4+ 16. Bf2 Qh3 17. Ke2 Kh8 18. Rag1 Rfc8 19. c3 Bh6 20. Qd1 Bg5 21.
Rg3 Qh6 22. h4 Bf4 23. Rgh3 Rc6 24. h5 g5 25. Nxf4 gxf4 26. a3 Bc4+ 27. Ke1 Qe6
28. g5 Bb3 29. Qb1 d5 30. Kf1 Rd6 31. Kg2 dxe4 32. Qxe4 Bd5 33. Qb1 Qg4+ 34.
Kh2 Qxg5 35. Rg1 Qf6 36. Rg4 Be6 37. Rhh4 Bf5 38. Qg1 Bxg4 39. Rxg4 Rd2 40. Kh3
Qc6 41. Qg2 Rxb2 42. Kh4 f5 43. Rg5 Qf6 44. Kh3 Rxf2 45. Qxf2 Qxg5 46. Qh4 Qh6
47. Kg2 Rg8+ 48. Kf2 Qb6+ 49. Ke2 Rg2+ 50. Kd3 Qb5+ 51. c4 51... Qb3# {
ficherian checkmated} 0-1

[Event "ICS rated standard match"]
[Site "204.178.125.65"]
[Date "1999.11.05"]
[Round "?"]
[White "Hossa"]
[Black "ficherian"]
[Result "1-0"]
[WhiteElo "2150"]
[BlackElo "2153"]
[PlyCount "75"]
[EventDate "1999.??.??"]

1. c4 c5 2. Nf3 Nf6 3. Nc3 g6 4. e3 Bg7 5. d4 cxd4 6. exd4 O-O 7. Bg5 h6 8. Be3
d5 9. Qc1 Kh7 10. cxd5 Nxd5 11. Nxd5 Qxd5 12. Bc4 Qh5 13. Ne5 Bxe5 14. dxe5 Nc6
15. f4 Qf5 16. O-O Qe4 17. Rd1 Bg4 18. Bd3 Qa4 19. Rd2 Rfd8 20. b3 Qa5 21. a3
Rac8 22. Qb2 Rd7 23. h3 Be6 24. b4 Qc7 25. b5 Na5 26. Rc2 Qd8 27. Rxc8 Qxc8 28.
Bf1 b6 29. Rc1 Rc7 30. Rd1 Rc2 31. Qb4 Qb7 32. Rc1 Ra2 33. f5 Bxf5 34. Qf4 h5
35. g4 Bd3 36. Qxf7+ Kh8 37. Bh6 e6 38. Rc8+ {ficherian resigns} 1-0

[Event "ICS Rated blitz match"]
[Site "204.178.125.65"]
[Date "1999.11.05"]
[Round "?"]
[White "Hossa"]
[Black "gonzalez"]
[Result "1-0"]
[WhiteElo "2361"]
[BlackElo "2295"]
[PlyCount "72"]
[EventDate "1999.??.??"]

1. c4 e6 2. Nc3 Nf6 3. d4 Bb4 4. a3 Bxc3+ 5. bxc3 b6 6. e4 Nxe4 7. Qg4 Bb7 8.
Qxg7 Qf6 9. Qxf6 Nxf6 10. Bg5 Ne4 11. Bf4 d6 12. Ne2 Nc6 13. f3 Nf6 14. Bg5 Nd7
15. Nf4 Rg8 16. Bh4 Na5 17. Rd1 Ba6 18. Bd3 Bxc4 19. Bb1 Nf8 20. Nh5 Rxg2 21.
Nf6+ Kd8 22. Nxh7+ Kd7 23. Rd2 Rxd2 24. Nf6+ Kc6 25. Kxd2 Nd7 26. Be4+ d5 27.
Bb1 Rh8 28. Nxd7 Kxd7 29. Bf6 Rh3 30. Ke3 c5 31. dxc5 bxc5 32. Kf2 Nc6 33. Kg2
Rh5 34. Kg3 Ne7 35. h4 Be2 36. Rh2 36... Bd1 {gonzalez resigns} 1-0

[Event "ICS rated blitz match"]
[Site "204.178.125.65"]
[Date "1999.11.05"]
[Round "?"]
[White "PostModernist"]
[Black "Hossa"]
[Result "1-0"]
[WhiteElo "2518"]
[BlackElo "2374"]
[PlyCount "59"]
[EventDate "1999.??.??"]

1. d4 d5 2. Nf3 Nf6 3. c4 c6 4. Nc3 e6 5. Bg5 dxc4 6. e4 Qb6 7. Qd2 c5 8. Bxc4
cxd4 9. Nxd4 Bb4 10. Bxf6 gxf6 11. O-O e5 12. Nc2 Ba5 13. Qh6 Nd7 14. Nb5 a6
15. Qg7 Rf8 16. Nba3 h5 17. Bb3 Qd8 18. Rfd1 Bc7 19. Ne3 Bb6 20. Nf5 Bd4 21.
Nd6+ Ke7 22. Nxf7 Rxf7 23. Qxf7+ Kd6 24. Rac1 Nb6 25. Nc2 Bg4 26. Nxd4 exd4 27.
f4 Nd5 28. Qxd5+ Ke7 29. Qf7+ Kd6 30. Rxd4# {Hossa checkmated} 1-0

[Event "ICS rated blitz match"]
[Site "204.178.125.65"]
[Date "1999.11.05"]
[Round "?"]
[White "MissSilicon"]
[Black "Hossa"]
[Result "1-0"]
[WhiteElo "2569"]
[BlackElo "2364"]
[PlyCount "106"]
[EventDate "1999.??.??"]

1. d4 Nf6 2. c4 e6 3. Nf3 Bb4+ 4. Nbd2 b6 5. a3 Bxd2+ 6. Bxd2 Ba6 7. e3 d5 8.
Ne5 Nfd7 9. cxd5 Nxe5 10. Bxa6 Nxa6 11. Qa4+ Nd7 12. dxe6 fxe6 13. Qxa6 O-O 14.
Bb4 Rf7 15. O-O c5 16. dxc5 bxc5 17. Ba5 Qe7 18. Rad1 Rb8 19. Rd2 Nb6 20. Rfd1
e5 21. Qb5 e4 22. Rd6 Qh4 23. R1d2 Nd7 24. Qa4 Nb6 25. Qb3 Nd7 26. Qd1 Ne5 27.
Rd8+ Rf8 28. Rxb8 Rxb8 29. Bc7 Re8 30. Bxe5 Rxe5 31. Rd8+ Kf7 32. Qd6 Re8 33.
Qd5+ Kf8 34. Qf5+ Qf6 35. Rxe8+ Kxe8 36. Qxe4+ Kd7 37. Qb7+ Kd6 38. Qa6+ Kd5
39. Qxf6 gxf6 40. g4 Kc4 41. e4 a5 42. Kg2 a4 43. Kg3 Kb3 44. g5 fxg5 45. e5
Kxb2 46. e6 Kxa3 47. e7 c4 48. e8=Q c3 49. Qe7+ Kb3 50. Qxh7 Kb2 51. Qb7+ Kc1
52. Qc6 c2 53. Qxa4 53... Kb2 {Hossa resigns} 1-0

[Event "ICS rated standard match"]
[Site "204.178.125.65"]
[Date "1999.11.05"]
[Round "?"]
[White "Sabalero"]
[Black "Hossa"]
[Result "0-1"]
[WhiteElo "2134"]
[BlackElo "2166"]
[PlyCount "25"]
[EventDate "1999.??.??"]

1. h3 d5 2. a3 e5 3. d4 exd4 4. Qxd4 c5 5. Qd1 Nc6 6. Nf3 Be7 7. Bf4 Nf6 8. Nc3
d4 9. Na2 Qb6 10. Rb1 Be6 11. Nc1 Nd5 12. Bh2 Nc3 13. Nd3 {Sabalero resigns}
0-1

[Event "ICS rated bullet match"]
[Site "204.178.125.65"]
[Date "1999.11.05"]
[Round "?"]
[White "Hossa"]
[Black "Sabalero"]
[Result "1-0"]
[WhiteElo "2385"]
[BlackElo "2245"]
[PlyCount "81"]
[EventDate "1999.??.??"]

1. c4 d6 2. d4 Bd7 3. Nf3 h6 4. e4 g6 5. Nc3 Bg7 6. Bf4 e6 7. b4 Ne7 8. Be2 a6
9. O-O b6 10. Qd3 Bc8 11. Rab1 Nd7 12. Rfd1 Bb7 13. Qe3 Qc8 14. a4 Qd8 15. a5
b5 16. cxb5 axb5 17. Nxb5 Ba6 18. Rdc1 c6 19. Nxd6+ Kf8 20. Bxa6 Rxa6 21. Ra1
Nc8 22. Nxc8 Qxc8 23. b5 Ra8 24. Rxc6 Qd8 25. Bc7 Qe7 26. Bd6 Qxd6 27. Rxd6 Nf6
28. Rc6 Kg8 29. b6 Kh7 30. a6 Nd7 31. b7 Ra7 32. Ra5 Nb8 33. d5 Rxa6 34. Rcxa6
Nxa6 35. Rxa6 Rb8 36. Qa7 Rxb7 37. Qxb7 Kg8 38. Ra8+ Kh7 39. Qxf7 h5 40. Ne5
Kh6 41. Qxg6# {Sabalero checkmated} 1-0

[Event "ICS rated bullet match"]
[Site "204.178.125.65"]
[Date "1999.11.05"]
[Round "?"]
[White "Sabalero"]
[Black "Hossa"]
[Result "0-1"]
[WhiteElo "2235"]
[BlackElo "2395"]
[PlyCount "64"]
[EventDate "1999.??.??"]

1. h4 e5 2. d3 Bb4+ 3. Bd2 Bxd2+ 4. Nxd2 Nc6 5. g3 Nge7 6. Bh3 O-O 7. Bg2 d5 8.
Bh3 Bxh3 9. Nxh3 Qd6 10. Kf1 Qb4 11. Ng5 Qxb2 12. Ndf3 h6 13. e3 hxg5 14. hxg5
f6 15. Rb1 Qxa2 16. Rxb7 Rac8 17. Rh5 fxg5 18. Rxg5 Rb8 19. Rxb8 Rxb8 20. Kg2
Rb1 21. Qe2 Rc1 22. Nh4 Rxc2 23. Qf3 d4 24. e4 Qf7 25. Nf5 Nxf5 26. Rxf5 Qe7
27. Qg4 Nb4 28. Rg5 Nxd3 29. Kh3 Nxf2+ 30. Kh4 Nxg4 31. Kxg4 Qe6+ 32. Kh5 32...
Rh2# {Sabalero checkmated} 0-1

[Event "ICS rated standard match"]
[Site "204.178.125.65"]
[Date "1999.11.05"]
[Round "?"]
[White "Hossa"]
[Black "Mmouse"]
[Result "1-0"]
[WhiteElo "2181"]
[BlackElo "2116"]
[PlyCount "71"]
[EventDate "1999.??.??"]

1. c4 Nf6 2. Nf3 g6 3. Nc3 d5 4. cxd5 Nxd5 5. e4 Nxc3 6. bxc3 Bg7 7. d4 c5 8.
Bc4 O-O 9. Be3 Nc6 10. O-O cxd4 11. cxd4 Bg4 12. Rb1 b6 13. Bd5 Rc8 14. Rc1 Na5
15. Qd3 Bxf3 16. gxf3 e6 17. Rxc8 Qxc8 18. Rc1 Qd7 19. Bc4 Rc8 20. Rc2 Nxc4 21.
Rxc4 Bf8 22. Rxc8 Qxc8 23. a4 Bd6 24. Qb5 Qb8 25. h3 Kg7 26. e5 Bc7 27. Bg5 h6
28. Be7 g5 29. Kg2 Kg6 30. Qc6 a6 31. h4 gxh4 32. Qe4+ Kg7 33. Bf6+ Kf8 34. Qh7
Ke8 35. Qg8+ Kd7 36. Qxf7+ {Mmouse resigns} 1-0

[Event "ICS rated standard match"]
[Site "204.178.125.65"]
[Date "1999.11.05"]
[Round "?"]
[White "Mmouse"]
[Black "Hossa"]
[Result "0-1"]
[WhiteElo "2102"]
[BlackElo "2193"]
[PlyCount "86"]
[EventDate "1999.??.??"]

1. c4 e5 2. Nc3 Nc6 3. Nf3 Nf6 4. g3 d5 5. cxd5 Nxd5 6. Bg2 Nxc3 7. bxc3 e4 8.
Ng1 Bf5 9. Qa4 Qd5 10. f3 exf3 11. Nxf3 Be4 12. d3 Bxf3 13. Bxf3 Qc5 14. Bd2
Qb6 15. d4 O-O-O 16. e3 Kb8 17. O-O Ne5 18. Bg2 Qe6 19. Rab1 b6 20. Qa6 c6 21.
e4 Qc4 22. Rxb6+ axb6 23. Qxb6+ Kc8 24. Bf4 Kd7 25. Bxe5 Ke8 26. Qb3 Qxb3 27.
axb3 Ra8 28. b4 f6 29. Bf4 Ra3 30. Rc1 g5 31. Bd2 Ra2 32. Be1 Be7 33. Bf2 Kd7
34. d5 cxd5 35. exd5 Rha8 36. Bd4 Ra1 37. Rf1 R8a2 38. Bh3+ Kc7 39. Rxa1 Rxa1+
40. Bf1 Ra2 41. g4 Rd2 42. Bg2 Bxb4 43. Bxf6 43... Bc5+ {Mmouse resigns} 0-1

[Event "ICS rated standard match"]
[Site "204.178.125.65"]
[Date "1999.11.05"]
[Round "?"]
[White "Mmouse"]
[Black "Hossa"]
[Result "0-1"]
[WhiteElo "2079"]
[BlackElo "2216"]
[PlyCount "40"]
[EventDate "1999.??.??"]

1. c4 e5 2. Nc3 Nc6 3. Nf3 Nf6 4. g3 d5 5. cxd5 Nxd5 6. Bg2 Nxc3 7. bxc3 e4 8.
Ng1 Bf5 9. Qa4 Be7 10. Bxe4 Bxe4 11. Qxe4 O-O 12. Nf3 Qd7 13. O-O Rfe8 14. Qc2
Qh3 15. d3 Rad8 16. Bf4 Rd7 17. Rab1 b6 18. Qa4 Na5 19. Ne5 Rdd8 20. Qb4 20...
Bxb4 {Mmouse resigns} 0-1

[Event "ICS rated standard match"]
[Site "204.178.125.65"]
[Date "1999.11.05"]
[Round "?"]
[White "Sensenmann"]
[Black "Hossa"]
[Result "1/2-1/2"]
[WhiteElo "2234"]
[BlackElo "2226"]
[PlyCount "140"]
[EventDate "1999.??.??"]

1. d4 Nf6 2. c4 e6 3. Nc3 Bb4 4. Nf3 Bxc3+ 5. bxc3 Ne4 6. Nd2 f5 7. Nxe4 fxe4
8. e3 O-O 9. Ba3 d6 10. Be2 Nc6 11. O-O e5 12. dxe5 Nxe5 13. Qd5+ Kh8 14. Qxe4
Nc6 15. Rad1 Bf5 16. Qd5 Qf6 17. Bb2 Qg6 18. Bd3 Rae8 19. Ba3 Re5 20. Bxf5
Rexf5 21. Qd3 Ne5 22. Qe2 Qg4 23. Qxg4 Nxg4 24. c5 Rxf2 25. Rxf2 Rxf2 26. cxd6
cxd6 27. Rxd6 h6 28. Rd4 Rxa2 29. Rxg4 Rxa3 30. Rb4 Rxc3 31. Rxb7 Rxe3 32. Rxa7
Re1+ 33. Kf2 Rh1 34. Kg3 g6 35. h3 Rf1 36. Kg4 Kg8 37. g3 Rf2 38. h4 Rf5 39.
Ra8+ Kg7 40. Ra6 h5+ 41. Kh3 Rf2 42. Ra3 Rf7 43. g4 hxg4+ 44. Kxg4 g5 45. Kxg5
Kh7 46. Ra6 Kh8 47. Rh6+ Kg8 48. h5 Kf8 49. Rg6 Ke7 50. Rg8 Rf3 51. Kg6 Rg3+
52. Kh7 Rh3 53. h6 Kf7 54. Rg1 Kf8 55. Rf1+ Ke8 56. Kg7 Rg3+ 57. Kh8 Kd8 58. h7
Ke8 59. Rf5 Ke7 60. Rf2 Ke8 61. Rf4 Ke7 62. Re4+ Kf7 63. Rf4+ Kg6 64. Rf8 Kh6
65. Rg8 Rh3 66. Rg2 Rc3 67. Kg8 Rc8+ 68. Kf7 Rc7+ 69. Kg8 Rc8+ 70. Kf7 70...
Rc7+ {Game drawn by mutual agreement} 1/2-1/2